3D Digitization and Mapping of Heritage Monuments Using Low Cost Light Weight Unmanned Aerial Vehicle (UAV) / (Record no. 524835)
[ view plain ]
| 000 -LEADER | |
|---|---|
| fixed length control field | 00693nam a22002057a 4500 |
| 003 - CONTROL NUMBER IDENTIFIER | |
| control field | NUST |
| 005 - DATE AND TIME OF LATEST TRANSACTION | |
| control field | 20220830155347.0 |
| 008 - FIXED-LENGTH DATA ELEMENTS--GENERAL INFORMATION | |
| fixed length control field | 190626b ||||| |||| 00| 0 eng d |
| 038 ## - RECORD CONTENT LICENSOR | |
| Staff Name | Mr. Noman Tariq |
| 082 ## - DEWEY DECIMAL CLASSIFICATION NUMBER | |
| Classification number | 621.3 |
| 100 ## - MAIN ENTRY--PERSONAL NAME | |
| Relator code | Tariq, Abdullah |
| 245 ## - TITLE STATEMENT | |
| Title | 3D Digitization and Mapping of Heritage Monuments Using Low Cost Light Weight Unmanned Aerial Vehicle (UAV) / |
| Statement of responsibility, etc. | Abdullah Tariq |
| 260 ## - PUBLICATION, DISTRIBUTION, ETC. | |
| Place of publication, distribution, etc. | Islamabad : |
| Name of publisher, distributor, etc. | SEECS NUST, |
| Date of publication, distribution, etc. | 2018. |
| 300 ## - PHYSICAL DESCRIPTION | |
| Extent | IX, 53 P. : Ill. : |
| Dimensions | 35 cm. |
| 500 ## - GENERAL NOTE | |
| General note | Hard Cover. |
| 600 ## - SUBJECT ADDED ENTRY--PERSONAL NAME | |
| Personal name | Electrical Engineering -Ms Thesis |
| 9 (RLIN) | 15630 |
| 700 ## - ADDED ENTRY--PERSONAL NAME | |
| Personal name | Abdullah Tariq |
| 9 (RLIN) | 15626 |
| 856 ## - ELECTRONIC LOCATION AND ACCESS | |
| Uniform Resource Identifier | <a href="http://10.250.8.41:8080/xmlui/handle/123456789/16561">http://10.250.8.41:8080/xmlui/handle/123456789/16561</a> |
| 942 ## - ADDED ENTRY ELEMENTS (KOHA) | |
| Source of classification or shelving scheme | |
| Koha item type | Thesis |
| Withdrawn status | Lost status | Source of classification or shelving scheme | Damaged status | Not for loan | Permanent Location | Current Location | Shelving location | Date acquired | Total Checkouts | Full call number | Barcode | Date last seen | Price effective from | Koha item type |
|---|---|---|---|---|---|---|---|---|---|---|---|---|---|---|
| Central Library (CL) | Central Library (CL) | Thesis | 06/26/2019 | 621.3 | CL-T-1838 | 06/28/2019 | 06/26/2019 | Thesis | ||||||
| Central Library (CL) | Central Library (CL) | Thesis | 01/02/2020 | 621.3 | CL-T-4464 | 01/02/2020 | 01/02/2020 | Thesis |
